000 01090naa a22003017a 4500
001 BR7806319
003 BR-BrBNA
005 20240918174228.0
007 ta
008 230509b bl.||||| |||| 00| 0 por d
040 _aBR-BrBNA
_bpor
_cBiblioteca Nacional de Agricultura
041 _a(Pt)
072 _aF30; A50
_b1440
090 _aF30 BR7806319
100 1 _aPaiva, J.B.
100 1 _aTeofilo, E.M.
245 1 _aIntroducao, caracterizacao, multiplicacao e manutencao de germoplasma de feijao-de-corda, Vigna Sinensis (L.)Savi
260 3 _aFortaleza, CE (Brasil):
_c[nd].
500 _aRelatorio de Pesquisa 1977 - Programa de pesquisa com a cultura do feijoeiro Fortaleza, CE (Brasil): [nd]. p. 1-6 (BR7806319-AM)F30
650 _aFEIJAO DE CORDA
650 _aBANCO DE GERMOPLASMA
650 _aVARIEDADE
650 _aADUBACAO
650 _aFORTALEZA
773 0 _tRelatorio de Pesquisa 1977 - Programa de pesquisa com a cultura do feijoeiro
_wF30 BR7806319
_gFortaleza, CE (Brasil), [nd]. p. 1-6
909 _a202404
_bLucia
_c55
_dLucia Elande
942 _cAM
_2AGRIS
999 _c309730
_d309730